|
|
|
|
| LEADER |
00000cam a2200000 a 4500 |
| 001 |
52402 |
| 005 |
20230308170628.0 |
| 008 |
000000|1958 ||||||||r|||||||||||spa|| |
| 040 |
|
|
|b spa
|
| 041 |
1 |
|
|a spa
|
| 082 |
0 |
|
|a 879
|
| 100 |
1 |
|
|a Dornheim, Alfredo
|9 57508
|
| 245 |
1 |
1 |
|a Poemas medievales en latín
|c Alfredo Dorheim, selec., trad, y prolog.
|h imp
|
| 264 |
|
|
|a Buenos Aires
|b Institución Cultural Argentino-Germana
|c 1958
|
| 300 |
|
|
|a 90 páginas:
|c 20 cm
|
| 504 |
|
|
|a incl. ref.
|
| 650 |
1 |
7 |
|a Poesía épica
|9 5925
|
| 650 |
1 |
|
|a Poesia lirica medieval
|9 57510
|
| 650 |
1 |
|
|a Poesia medieval alemana
|9 57511
|
| 852 |
|
|
|a UC-CDJBV
|c TERCER PISO
|f Donación
|k guillermina.martinez
|l 1
|m General
|p 00000000
|r 8
|t 52402
|b 0
|d CDRC
|e CDRC
|g 879 TERCER PISO
|z 0000-00-00
|
| 942 |
|
|
|c BK
|
| 999 |
|
|
|c 33123
|d 33123
|